000 00445nam a2200193Ia 4500
005 20240823015924.0
008 240823s9999||||xx |||||||||||||| ||und||
020 _a81-297-0136-7
041 _aENGLISH
082 _A801.95 P4
100 _a"Lodge,David"
245 0 _aModern Criticism and Theory
250 _a2nd
260 _c2004
_b"Pearson ,Sing"
500 _aYES
650 _aCriticism
_bGeneral
942 _cBK
999 _c173551
_d173551